000
00226nam a22001097a 4500
003
OSt
008
241211b |||||||| |||| 00| 0 eng d
041
_a
eng
100
_a
Mahajan, T
_9
6515
245
_a
Ancient India
942
_c
BK
999
_c
18445
_d
18445